A history of narrative film /

Bibliographic Details
Main Author: Cook, David A.
Format: Book
Language:English
Published: New York : Norton, [1981]
Edition:1st ed.
Subjects:

MARC

Tag First Indicator Second Indicator Subfields
LEADER 00000pam a2200000 a 4500
001 in00000082771
005 20151008054224.0
008 791113s1981 nyua b 00110 engm
010 |a  79025862  
020 |a 0393013707 
020 |a 0393090221 (pbk.) 
035 |a (OCoLC)05751281 
035 |9 AAJ0011AM 
040 |a DLC  |c DLC  |d m.c.  |d TXA  |d UtOrBLW 
049 |a TXAM  |c [1803894] 
050 0 0 |a PN1993.5.A1  |b C65 1981 
082 0 |a 791.43/09 
100 1 |a Cook, David A. 
245 1 2 |a A history of narrative film /  |c David A. Cook. 
250 |a 1st ed. 
264 1 |a New York :  |b Norton,  |c [1981] 
264 4 |c ©1981 
300 |a xxiii, 721 pages :  |b illustrations ;  |c 24 cm. 
336 |a text  |b txt  |2 rdacontent 
337 |a unmediated  |b n  |2 rdamedia 
338 |a volume  |b nc  |2 rdacarrier 
500 |a Includes index. 
504 |a Bibliography: pages 671-692. 
650 0 |a Motion pictures  |x History. 
999 |a MARS 
999 f f |s 6462c72d-d457-3794-8ac0-a67498fb4696  |i 28271ef7-ff8e-384a-94b6-2505c6ecd05a  |t 0 
952 f f |p ric  |a Texas A&M University  |b Rellis Campus  |c Joint Library Facility  |d Remote Storage  |t 0  |e PN1993.5.A1 C65 1981  |h Library of Congress classification  |i unmediated -- volume  |m A14806177797 
998 f f |a PN1993.5.A1 C65 1981  |t 0  |l Remote Storage